Á lódáil...

short course of geological prospecting and exploratioon tr by V shiffer /

Sonraí Bibleagrafaíochta
Príomhúdar: Maxomon, A.
Teanga:Undetermined
Foilsithe: 1973.
LEADER 00414nam a2200121Ia 4500
001 26289
008 170722s9999 xx 000 0 und d
100 |a Maxomon, A. 
245 |a short course of geological prospecting and exploratioon tr by V shiffer / 
260 |c 1973. 
942 |c GEN 
999 |c 87394  |d 87394 
952 |0 0  |1 0  |4 0  |6 H_7_150000000000000_L3  |7 0  |9 122093  |a LIB  |b LIB  |d 2017-08-12  |o H7.15 L3  |p 153499  |r 2017-08-12  |w 2017-08-12  |y GEN